Proces individualizácie ako priestor generovania spoločenských noriem
Niektoré prejavujúce sa problémy dôsledkov individualizácie vo vzťahu k procesom starnutia a k seniorom. Individualizácia ako spoločenský proces a jej vnímanie seniormi. Hodnoty a životný štýl seniorov.
Saved in:
| Main Author: | |
|---|---|
| Format: | Book Chapter |
| Language: | Slovak |
| Subjects: | |
| Tags: |
No Tags, Be the first to tag this record!
|
MARC
| LEADER | 00000naa$a2200000$$$4500 | ||
|---|---|---|---|
| 001 | 0224066 | ||
| 005 | 20220926121539.7 | ||
| 041 | 0 | |a slo | |
| 044 | |a SK | ||
| 245 | 1 | 0 | |a Proces individualizácie ako priestor generovania spoločenských noriem |c Viera Štefancová |
| 520 | |a Niektoré prejavujúce sa problémy dôsledkov individualizácie vo vzťahu k procesom starnutia a k seniorom. Individualizácia ako spoločenský proces a jej vnímanie seniormi. Hodnoty a životný štýl seniorov. | ||
| 610 | 2 | 0 | |a seniori |
| 610 | 2 | 0 | |a skupiny vekové |
| 610 | 2 | 0 | |a situácia sociálna |
| 610 | 2 | 0 | |a potreby spoločenské |
| 610 | 2 | 0 | |a individualizmus |
| 610 | 2 | 0 | |a normy spoločenské |
| 610 | 2 | 0 | |a hodnota |
| 610 | 2 | 0 | |a štýl životný |
| 100 | 1 | |a Štefancová, Viera | |